Television Quiz

Random Television or WWE Quiz

Wrestlers Entrance Themes Quiz Stats

 Plays Quiz not verified by Sporcle

Challenge
Share
Tweet
Score 0/44 Timer 20:00
0 Plays Today
Start time Wrestler % Correct
00:00Stone Cold Steve Austin
98.4%
00:13Chris Jericho
97.2%
00:48Rey Mysterio
91.5%
02:17John Cena
87%
02:44Kurt Angle
83.8%
03:29Shawn Michaels
83.4%
06:28The Undertaker
81.8%
01:21Rowdy Roddy Piper
81.6%
01:30Rob Van Dam
80.6%
09:25Triple H
80.4%
05:11Hulk Hogan
80%
01:45Alberto Del Rio
79.8%
04:48CM Punk
78.9%
06:57Vince McMahon
78.9%
08:53Randy Orton
78.9%
04:00Bray Wyatt
77.9%
01:11Christian
77.7%
07:40Mankind
77.5%
07:52Ric Flair
77.5%
03:45Booker T
76.9%
05:23Goldust
76.9%
08:32Daniel Bryan
76.9%
Start time Wrestler % Correct
04:17Dolph Ziggler
76.7%
06:06Eddie Guerrero
76.5%
06:17The Rock
76.1%
05:35Brock Lesnar
74.5%
03:02The Million Dollar Man Ted DiBiase
73.9%
07:11Batista
72.7%
09:37Edge
71.5%
08:18Sheamus
69.8%
06:41Goldberg
68.6%
08:40The Ultimate Warrior
68.6%
01:56Lita
67%
07:30Matt Hardy
62.3%
04:29Bret 'The Hitman' Hart
60.9%
04:59'Macho Man' Randy Savage
60.1%
03:13The Sandman
57.9%
00:37Paige
54.3%
09:05Mr Perfect
52.4%
02:53Diamond Dallas Page
49.4%
05:44Jake the Snake Roberts
40.5%
00:57Sting
34.8%
04:41The Iron Sheik
26.7%
02:27Ricky 'The Dragon' Steamboat
19.2%

You're not logged in!

Compare scores with friends on all Sporcle quizzes.
Join for Free
OR
Log In

You Might Also Like...

Show Comments

Extras

Top Quizzes Today


Score Distribution

Your Account Isn't Verified!

In order to create a playlist on Sporcle, you need to verify the email address you used during registration. Go to your Sporcle Settings to finish the process.

Report this User

Report this user for behavior that violates our Community Guidelines.

Details: